WWE current champions 2020(October) - Statistics

General Stats
  • This quiz has been taken 30 times
  • The average score is 7 of 9
Answer Stats
Championships Champions % Correct
Universal Championships Roman Reigns
96%
WWE Championship Randy Orton
92%
Raw Womens Championship Asuka
85%
Smackdown Womens Championship Sasha Banks
85%
Intercontinental Chanpionship Sami Zayn
81%
United States Championship Bobby Lashley
77%
Raw Tag Team Championship The New Day
73%
Smackdown Tag Team Championship The Street Profits
58%
Womens Tag Team Championship Nia Jax and Shayna Baszler
46%
No matching quizzes found
Score Distribution
Percent of People with Each Score
Percentile by Number Answered
Your Score History
You have not taken this quiz